[Event "GER-ch (Women) op"]
[Site "Augsburg"]
[Date "2024.03.10"]
[Round "9"]
[White "Braun, Kristin"]
[Black "Buchholz, Maja Patricia"]
[Result "1-0"]
[WhiteElo "1991"]
[BlackElo "1948"]
[PlyCount "115"]
[EventDate "2024.03.06"]
[EventType "swiss"]
[EventRounds "9"]
[EventCountry "GER"]
[SourceTitle "CB12_2024"]
[SourceDate "2023.10.01"]
[SourceVersion "1"]
[SourceVersionDate "2023.10.01"]
[SourceQuality "1"]

1. e4 e6 2. d4 d5 3. Nd2 c5 4. Ngf3 Nf6 5. e5 Nfd7 6. c3 Nc6 7. Nb3 Qc7 8. g3 a5 9. a4 cxd4 10. cxd4 Nb4 11. Bd3 Nxd3+ 12. Qxd3 b6 13. Bd2 Ba6 14. Qc3 Qd8 15. Rc1 Be7 16. h4 h6 17. h5 Nb8 18. Nh4 Qd7 19. Ra1 Nc6 20. Qe3 Nb4 21. Bxb4 Bxb4+ 22. Kd1 Rc8 23. f4 0-0 24. Rh2 Qc6 25. g4 Qc4 26. Rf2 Qc6 27. g5 hxg5 28. fxg5 Rfd8 29. Qf3 Rd7 30. g6 fxg6 31. Nxg6 Qb7 32. Nc5 Bxc5 33. dxc5 Rf7 34. Qxf7+ Qxf7 35. Rxf7 Kxf7 36. cxb6 Rb8 37. Ra3 Kg8 38. Rf3 Bb7 39. b4 axb4 40. a5 Ra8 41. Kc2 Rd8 42. Kb3 d4 43. Rd3 Ba6 44. Rd2 Kh7 45. Nf4 Bc8 46. Kxb4 Kh6 47. Nd3 Kxh5 48. Nc5 g5 49. a6 g4 50. b7 Bxb7 51. axb7 g3 52. Nxe6 Rb8 53. Nc5 Kg4 54. Rxd4+ Kf3 55. Rd3+ Kf4 56. e6 g2 57. Rd1 Kf5 58. Rg1 1-0

[Event "GER-ch (Women) op"]
[Site "Augsburg"]
[Date "2024.03.07"]
[Round "3"]
[White "Braun, Kristin"]
[Black "Stangl, Anita"]
[Result "0-1"]
[WhiteElo "1991"]
[BlackElo "2070"]
[PlyCount "80"]
[EventDate "2024.03.06"]
[EventType "swiss"]
[EventRounds "9"]
[EventCountry "GER"]
[SourceTitle "CB12_2024"]
[SourceDate "2023.10.01"]
[SourceVersion "1"]
[SourceVersionDate "2023.10.01"]
[SourceQuality "1"]

1. e4 e6 2. d4 d5 3. Nd2 Nf6 4. e5 Nfd7 5. Bd3 c5 6. c3 Nc6 7. Ne2 Qb6 8. Nf3 cxd4 9. cxd4 f6 10. exf6 Nxf6 11. 0-0 Bd6 12. Bf4 Bxf4 13. Nxf4 0-0 14. Re1 Qxb2 15. g3 Kh8 16. Ng5 g6 17. Ngxe6 Bxe6 18. Nxe6 Rf7 19. Bf1 Ne4 20. Re2 Qa3 21. Qe1 Qe7 22. Bh3 Qf6 23. Rd1 Re8 24. f3 Qxf3 25. Bg2 Qg4 26. Nc5 Rfe7 27. Bxe4 dxe4 28. d5 Ne5 29. Rxe4 Nf3+ 30. Kf2 Rxe4 31. Qc3+ Kg8 32. Nxe4 Qxe4 33. Qxf3 Rf8 34. Qxf8+ Kxf8 35. d6 Qc2+ 36. Ke1 Qxh2 37. d7 Qxg3+ 38. Ke2 Qg4+ 39. Ke1 Qxd1+ 40. Kxd1 Ke7 0-1

[Event "GER-ch (Women) op"]
[Site "Augsburg"]
[Date "2024.03.07"]
[Round "2"]
[White "Trunz, Tamila"]
[Black "Braun, Kristin"]
[Result "0-1"]
[WhiteElo "1891"]
[BlackElo "1991"]
[PlyCount "98"]
[EventDate "2024.03.06"]
[EventType "swiss"]
[EventRounds "9"]
[EventCountry "GER"]
[SourceTitle "CB12_2024"]
[SourceDate "2023.10.01"]
[SourceVersion "1"]
[SourceVersionDate "2023.10.01"]
[SourceQuality "1"]

1. e4 c5 2. Nf3 Nc6 3. Bb5 e6 4. Bxc6 bxc6 5. d3 Ne7 6. Be3 Ng6 7. c4 Rb8 8. b3 Be7 9. Nc3 d5 10. Na4 d4 11. Bc1 0-0 12. h4 f5 13. e5 f4 14. h5 Nh4 15. Nxh4 Bxh4 16. Qg4 Bg5 17. Bd2 Rf5 18. Nxc5 Rxe5+ 19. Ne4 Bh6 20. Bxf4 Rxe4+ 21. dxe4 e5 22. Qe2 Bxf4 23. g3 Bh6 24. Rd1 c5 25. Kf1 Qg5 26. Rh4 Be6 27. Kg2 Rf8 28. Rf1 Qd2 29. Qxd2 Bxd2 30. f3 a5 31. Rd1 Be3 32. g4 a4 33. Rh3 axb3 34. axb3 Rb8 35. Rd3 Ra8 36. Rh1 Ra2+ 37. Kh3 Rc2 38. Rh2 Rc3 39. Rxc3 dxc3 40. Ra2 Bc1 41. Rc2 Bb2 42. Kg3 Kf7 43. f4 exf4+ 44. Kxf4 Kf6 45. g5+ Ke7 46. Ke3 Bg4 47. Kd3 Bxh5 48. Rxc3 Bxc3 49. Kxc3 Bg6 0-1

[Event "World-chT Rapid"]
[Site "Dusseldorf"]
[Date "2023.08.27"]
[Round "8.18"]
[White "Braun, Kristin"]
[Black "Pak, Alexander"]
[Result "0-1"]
[WhiteElo "1906"]
[BlackElo "2170"]
[PlyCount "140"]
[EventDate "2023.08.26"]
[EventType "team-swiss (rapid)"]
[EventRounds "12"]
[EventCountry "GER"]
[SourceTitle "CBM 215 Extra"]
[Source "ChessBase"]
[SourceDate "2023.09.30"]
[SourceVersion "1"]
[SourceVersionDate "2023.09.30"]
[SourceQuality "1"]
[WhiteTeam "Bayreuth Unischach"]
[BlackTeam "Lausanne Ecole Polytechnique"]
[WhiteTeamCountry "GER"]
[BlackTeamCountry "SUI"]

1. e4 c5 2. Nf3 Nc6 3. d4 cxd4 4. Nxd4 Nf6 5. Nc3 e5 6. Ndb5 d6 7. Bg5 a6 8. Na3 b5 9. Nd5 Be7 10. Bxf6 Bxf6 11. c3 Bg5 12. Be2 0-0 13. 0-0 Ne7 14. c4 Nxd5 15. Qxd5 Be6 16. Qd3 b4 17. Nc2 a5 18. b3 Qb6 19. Rfd1 Rad8 20. a3 f5 21. Bf3 bxa3 22. Rxa3 Kh8 23. Ne3 g6 24. Nd5 Qc5 25. Rda1 fxe4 26. Qxe4 Bf5 27. Qe1 Qd4 28. Rd1 Qb2 29. Rda1 e4 30. Be2 Be6 31. R1a2 Qd4 32. Nc7 Rxf2 33. Nxe6 Rxe2+ 34. Nxd4 Rxe1+ 35. Kf2 Rd1 36. Ne6 Bh4+ 37. g3 Re8 38. Nc7 Rc8 39. Nd5 Bd8 40. Re2 Rb1 41. Rxe4 Rb2+ 42. Kg1 Kg7 43. Re3 Bg5 44. Rd3 Re8 45. Rf3 Re1+ 46. Rf1 Ree2 47. Nf4 Bxf4 48. Rxf4 Rg2+ 49. Kf1 Rxh2 50. Kg1 Rhg2+ 51. Kf1 Rgc2 52. Kg1 Rg2+ 53. Kf1 Rxg3 54. Rxa5 Rgxb3 55. Ra7+ Rb7 56. Ra6 Rc2 57. Re4 Rb1+ 58. Re1 Rxe1+ 59. Kxe1 Rxc4 60. Rxd6 Rf4 61. Rd7+ Kh6 62. Rd3 g5 63. Ke2 Kg6 64. Ke3 h5 65. Rd6+ Rf6 66. Rd8 h4 67. Rh8 Rf4 68. Ke2 Kf5 69. Ke3 Kg4 70. Ke2 Kg3 0-1

[Event "World-chT Rapid"]
[Site "Dusseldorf"]
[Date "2023.08.26"]
[Round "4.16"]
[White "Braun, Kristin"]
[Black "Lorenz, Veronika"]
[Result "1-0"]
[WhiteElo "1906"]
[BlackElo "1668"]
[PlyCount "45"]
[EventDate "2023.08.26"]
[EventType "team-swiss (rapid)"]
[EventRounds "12"]
[EventCountry "GER"]
[SourceTitle "CBM 215 Extra"]
[Source "ChessBase"]
[SourceDate "2023.09.30"]
[SourceVersion "1"]
[SourceVersionDate "2023.09.30"]
[SourceQuality "1"]
[WhiteTeam "Bayreuth Unischach"]
[BlackTeam "Deutsche Schachjugend II"]
[WhiteTeamCountry "GER"]
[BlackTeamCountry "GER"]

1. e4 e5 2. Nf3 Nc6 3. Bc4 Nf6 4. d3 Bc5 5. c3 0-0 6. h3 a6 7. a4 d5 8. exd5 Nxd5 9. 0-0 Nb6 10. Bb3 Bf5 11. a5 Nc8 12. Re1 Bxd3 13. Nxe5 Nxe5 14. Rxe5 Bd6 15. Bg5 Be7 16. Rd5 Nd6 17. Bxe7 Qxe7 18. Rxd3 Ne4 19. Re3 Rad8 20. Qe1 Rfe8 21. Ra4 Qc5 22. Raxe4 Rxe4 23. Rxe4 1-0

[Event "Mittelfrank Regionalliga Nord-Ost 2223"]
[Site "Mittelfranken"]
[Date "2023.04.23"]
[Round "9.5"]
[White "Braun, Kristin"]
[Black "Erlbeck, Peter"]
[Result "1-0"]
[WhiteElo "1992"]
[BlackElo "1953"]
[PlyCount "73"]
[EventDate "2022.10.09"]
[EventType "team-tourn"]
[EventRounds "9"]
[EventCountry "GER"]
[SourceTitle "EXT 2024"]
[Source "ChessBase"]
[SourceDate "2023.10.10"]
[SourceVersion "1"]
[SourceVersionDate "2023.10.10"]
[SourceQuality "1"]
[WhiteTeam "Nuernberg Jaeklechemie"]
[BlackTeam "Nuernberg Sued SW"]
[WhiteTeamCountry "GER"]
[BlackTeamCountry "GER"]

1. e4 c5 2. Nf3 Nc6 3. d4 cxd4 4. Nxd4 Nf6 5. Nc3 e6 6. a3 Be7 7. Be2 0-0 8. 0-0 d5 9. exd5 exd5 10. Bf4 a6 11. Re1 Bc5 12. Be3 Ne5 13. Ne6 Bxe6 14. Bxc5 Re8 15. Bd4 Nc6 16. Bf3 Rc8 17. Qd2 Nxd4 18. Qxd4 Qd6 19. h3 Rc4 20. Qd3 Rec8 21. Rad1 h6 22. Re2 b5 23. Na2 a5 24. c3 Rf4 25. Nc1 d4 26. Qxb5 Rc5 27. Qb7 Rg5 28. Red2 Rxf3 29. Qxf3 Bd5 30. Rxd4 Bxf3 31. Rxd6 Rxg2+ 32. Kf1 Rh2 33. Ne2 Ne4 34. Rd8+ Kh7 35. Ng1 Rxf2+ 36. Ke1 Bxd1 37. Rxd1 1-0

[Event "GER-ch (Women)"]
[Site "Magdeburg"]
[Date "2022.08.18"]
[Round "6"]
[White "Braun, Kristin"]
[Black "Zhou, Lepu Coco"]
[Result "1-0"]
[WhiteElo "1897"]
[BlackElo "1955"]
[PlyCount "97"]
[EventDate "2022.08.14"]
[EventType "swiss"]
[EventRounds "9"]
[EventCountry "GER"]
[SourceTitle "CBM 209 Extra"]
[Source "ChessBase"]
[SourceDate "2022.09.30"]
[SourceVersion "1"]
[SourceVersionDate "2022.09.30"]
[SourceQuality "1"]

1. e4 e5 2. Bc4 Nf6 3. d3 c6 4. Nf3 d5 5. exd5 cxd5 6. Bb5+ Bd7 7. Bxd7+ Nbxd7 8. 0-0 Bd6 9. Re1 0-0 10. Nc3 a6 11. Bg5 Qc7 12. a3 Rac8 13. Re2 Rfe8 14. h3 h6 15. Bxf6 Nxf6 16. Nh4 Qd7 17. Qd2 b5 18. b4 e4 19. dxe4 Be5 20. Nxd5 Nxd5 21. Rd1 Qd8 22. exd5 Qxh4 23. Rde1 Qf6 24. d6 Rcd8 25. d7 Re6 26. Qd5 Bc7 27. Rxe6 fxe6 28. Rxe6 Rxd7 29. Rd6+ Kh7 30. Qd3+ Kh8 31. Rxd7 Qe5 32. g3 Bb6 33. Rf7 Kg8 34. Rf5 Qc7 35. Qf3 Qe7 36. Qd5+ Kh8 37. Rf7 Qe8 38. Kg2 Bd8 39. Rd7 Bf6 40. Rd6 Qe2 41. Re6 Qxc2 42. Re8+ Kh7 43. Qe4+ Qxe4+ 44. Rxe4 Bb2 45. Re3 Bc1 46. Rd3 Kg8 47. Kf3 Kf7 48. Ke4 Ke6 49. Rc3 1-0

[Event "GER-ch (Women)"]
[Site "Magdeburg"]
[Date "2022.08.17"]
[Round "5"]
[White "Bluebaum, Johanna"]
[Black "Braun, Kristin"]
[Result "0-1"]
[WhiteElo "1977"]
[BlackElo "1897"]
[PlyCount "82"]
[EventDate "2022.08.14"]
[EventType "swiss"]
[EventRounds "9"]
[EventCountry "GER"]
[SourceTitle "CBM 209 Extra"]
[Source "ChessBase"]
[SourceDate "2022.09.30"]
[SourceVersion "1"]
[SourceVersionDate "2022.09.30"]
[SourceQuality "1"]

1. d4 Nf6 2. c4 g6 3. Nc3 Bg7 4. e4 d6 5. Nf3 0-0 6. Be2 e5 7. Be3 exd4 8. Nxd4 Re8 9. f3 c6 10. Bf2 d5 11. exd5 cxd5 12. c5 Nc6 13. 0-0 Nh5 14. Qd2 a6 15. Rfe1 Be5 16. g3 Bh3 17. f4 Bf6 18. Bf3 Be7 19. Nxd5 Nxd4 20. Bxd4 Ng7 21. Nxe7+ Rxe7 22. Rxe7 Qxe7 23. Bxg7 Kxg7 24. Qc3+ Kg8 25. Re1 Qd7 26. Qb4 a5 27. Qxb7 Qd4+ 28. Kh1 Rd8 29. Qe7 Rc8 30. c6 Qxb2 31. Bd5 Rf8 32. Qe2 Qc3 33. Qe3 Qc2 34. Rc1 Qb2 35. c7 Rc8 36. Qc5 Qd2 37. Qc4 Rxc7 38. Bc6 Bg2+ 39. Kg1 Bxc6 40. Rc2 Qe1+ 41. Qf1 Qxf1+ 0-1

[Event "GER-ch (Women)"]
[Site "Magdeburg"]
[Date "2022.08.15"]
[Round "2"]
[White "Petersen, Sophie"]
[Black "Braun, Kristin"]
[Result "1-0"]
[WhiteElo "1597"]
[BlackElo "1897"]
[PlyCount "133"]
[EventDate "2022.08.14"]
[EventType "swiss"]
[EventRounds "9"]
[EventCountry "GER"]
[SourceTitle "CBM 209 Extra"]
[Source "ChessBase"]
[SourceDate "2022.09.30"]
[SourceVersion "1"]
[SourceVersionDate "2022.09.30"]
[SourceQuality "1"]

1. e4 c5 2. Nf3 d6 3. Bb5+ Bd7 4. Bxd7+ Qxd7 5. c4 Nf6 6. Nc3 Nc6 7. d4 cxd4 8. Nxd4 g6 9. f3 Bg7 10. Be3 0-0 11. 0-0 a6 12. Qd2 Rab8 13. Rac1 Rfc8 14. b3 Qc7 15. Nd5 Qd8 16. Rfd1 Nd7 17. a4 Nc5 18. Rb1 Ne5 19. h3 h5 20. Bg5 f6 21. Be3 Nc6 22. Qa2 a5 23. Nb5 b6 24. Qd2 Ne5 25. Bxc5 bxc5 26. f4 Nc6 27. f5 gxf5 28. exf5 Kf7 29. Qe2 Qh8 30. Qe6+ Kf8 31. Nf4 Ne5 32. Nd5 Nc6 33. Re1 Qg8 34. Qd7 Qf7 35. Nbc7 Ne5 36. Ne6+ Kg8 37. Nxe7+ Kh7 38. Qxd6 Bh6 39. Nd5 Rg8 40. Nxf6+ Qxf6 41. Qxe5 Qxe5 42. Rxe5 Rg3 43. Kf2 Rbg8 44. Rd1 Rxg2+ 45. Kf3 R2g3+ 46. Ke4 Rxb3 47. Rd7+ Kh8 48. Nf4 Bxf4 49. Kxf4 Rxh3 50. Rxc5 Rg7 51. Rxg7 Kxg7 52. Kg5 h4 53. Rxa5 Rc3 54. Ra7+ Kf8 55. Kxh4 Rxc4+ 56. Kg5 Rc6 57. a5 Rd6 58. a6 Rb6 59. f6 Rb1 60. Rc7 Rg1+ 61. Kf5 Rf1+ 62. Ke6 Re1+ 63. Kd7 Kf7 64. a7 Ra1 65. Kc8+ Kxf6 66. Kb8 Rb1+ 67. Rb7 1-0

[Event "GER-ch blitz (Women)"]
[Site "Magdeburg"]
[Date "2022.08.13"]
[Round "10"]
[White "Braun, Kristin"]
[Black "Melamed, Tatiana"]
[Result "0-1"]
[WhiteElo "1853"]
[BlackElo "2363"]
[PlyCount "146"]
[EventDate "2022.08.13"]
[EventType "tourn (blitz)"]
[EventRounds "23"]
[EventCountry "GER"]
[SourceTitle "CBM 209 Extra"]
[Source "ChessBase"]
[SourceDate "2022.09.30"]
[SourceVersion "1"]
[SourceVersionDate "2022.09.30"]
[SourceQuality "1"]

1. e4 Nf6 2. e5 Nd5 3. d4 d6 4. exd6 cxd6 5. Nf3 g6 6. c4 Nb6 7. Nc3 Bg7 8. Be2 0-0 9. 0-0 Nc6 10. b3 Bg4 11. Be3 e5 12. d5 Bxf3 13. gxf3 Nd4 14. Bxd4 exd4 15. Nb5 Be5 16. f4 Bxf4 17. Nxd4 Qh4 18. Nf3 Qh3 19. Qd4 Rae8 20. Qxf4 Rxe2 21. Rfe1 Rxe1+ 22. Rxe1 Nd7 23. Re7 Nc5 24. Ng5 Qf5 25. Qxf5 gxf5 26. Nf3 Kg7 27. Nd4 Kf6 28. Re2 Ne4 29. f3 Ng5 30. Kf2 Rg8 31. Nb5 Nh3+ 32. Ke1 Rg1+ 33. Kd2 Ra1 34. Nxd6 Rxa2+ 35. Ke3 f4+ 36. Kd3 Ra3 37. Ne4+ Kf5 38. Nc5 b6 39. Nd7 Rxb3+ 40. Kc2 Rxf3 41. Re5+ Kg6 42. Re7 Ra3 43. d6 f3 44. Ne5+ Kf6 45. Rxf7+ Kxe5 46. d7 Ra2+ 47. Kc1 Ra1+ 48. Kd2 Ra2+ 49. Kc3 Ra3+ 50. Kb4 Rd3 51. Rxf3 Rxd7 52. Rxh3 Rc7 53. Rh6 Kd4 54. Rh4+ Ke5 55. Rh6 Kf5 56. Rd6 h5 57. Rd8 Kg4 58. Rd2 h4 59. Kb5 Rc5+ 60. Kb4 a5+ 61. Kb3 a4+ 62. Ka3 Rxc4 63. Rb2 Kh3 64. Re2 b5 65. Rd2 Rc3+ 66. Kb2 Rb3+ 67. Ka2 Kg4 68. Rg2+ Kf3 69. Rc2 Re3 70. Kb1 a3 71. Ka2 Re2 72. Rxe2 Kxe2 73. Kxa3 Kf2 0-1

[Event "GER-ch blitz (Women)"]
[Site "Magdeburg"]
[Date "2022.08.13"]
[Round "14"]
[White "Braun, Kristin"]
[Black "Muetsch, Annmarie"]
[Result "1/2-1/2"]
[WhiteElo "1853"]
[BlackElo "2205"]
[PlyCount "90"]
[EventDate "2022.08.13"]
[EventType "tourn (blitz)"]
[EventRounds "23"]
[EventCountry "GER"]
[SourceTitle "CBM 209 Extra"]
[Source "ChessBase"]
[SourceDate "2022.09.30"]
[SourceVersion "1"]
[SourceVersionDate "2022.09.30"]
[SourceQuality "1"]

1. e4 e5 2. Nf3 Nc6 3. Bc4 Bc5 4. d3 Nf6 5. c3 d6 6. Nbd2 a6 7. Bb3 Ba7 8. h3 0-0 9. Nf1 d5 10. Ng3 dxe4 11. dxe4 Qxd1+ 12. Bxd1 Be6 13. 0-0 Bc4 14. Re1 h6 15. Bc2 Rad8 16. Be3 Bxe3 17. Rxe3 Rd7 18. Ree1 Rfd8 19. b3 Bd3 20. Bxd3 Rxd3 21. c4 g6 22. Kf1 h5 23. Ke2 Kf8 24. Rad1 Rxd1 25. Rxd1 Rxd1 26. Kxd1 Ke7 27. Kd2 Ke6 28. a3 a5 29. Ng5+ Ke7 30. Nf3 Nd7 31. Kc3 f6 32. b4 axb4+ 33. axb4 b6 34. Nf1 Ke6 35. Ne3 Ne7 36. Nd5 Nxd5+ 37. cxd5+ Kd6 38. Nd2 b5 39. Nf3 c6 40. dxc6 Kxc6 41. Nh4 Nf8 42. g3 Kd6 43. Ng2 Ne6 44. Nh4 Nf8 45. Ng2 Ne6 1/2-1/2

[Event "GER-ch blitz (Women)"]
[Site "Magdeburg"]
[Date "2022.08.13"]
[Round "15"]
[White "Daemering, Katrin"]
[Black "Braun, Kristin"]
[Result "1-0"]
[WhiteElo "2097"]
[BlackElo "1853"]
[PlyCount "71"]
[EventDate "2022.08.13"]
[EventType "tourn (blitz)"]
[EventRounds "23"]
[EventCountry "GER"]
[SourceTitle "CBM 209 Extra"]
[Source "ChessBase"]
[SourceDate "2022.09.30"]
[SourceVersion "1"]
[SourceVersionDate "2022.09.30"]
[SourceQuality "1"]

1. e4 c5 2. Nf3 d6 3. d4 cxd4 4. Nxd4 Nf6 5. Nc3 g6 6. Be3 Bg7 7. f3 0-0 8. Qd2 Nc6 9. Bc4 Nxd4 10. Bxd4 Be6 11. Bxe6 fxe6 12. 0-0 a6 13. Rad1 Rc8 14. a3 Qa5 15. Qf2 Qh5 16. Rd2 Rxc3 17. Bxc3 Nxe4 18. Qe3 Nxd2 19. Qxe6+ Kh8 20. Bxd2 Bf6 21. Re1 Qc5+ 22. Be3 Qxc2 23. b4 Rc8 24. Rc1 Qxc1+ 25. Bxc1 Rxc1+ 26. Kf2 Rc2+ 27. Kf1 Rc1+ 28. Ke2 Ra1 29. Qf7 h6 30. Qxg6 Rxa3 31. Qxh6+ Kg8 32. Qg6+ Kf8 33. Qe4 Ra2+ 34. Kf1 b5 35. Qa8+ Kf7 36. Qd5+ 1-0

[Event "GER-chT Federal Cup (Women)"]
[Site "Braunfels"]
[Date "2022.06.17"]
[Round "2.12"]
[White "Valkova, Angelika"]
[Black "Braun, Kristin"]
[Result "1-0"]
[WhiteElo "2066"]
[BlackElo "1905"]
[PlyCount "60"]
[EventDate "2022.06.15"]
[EventType "team-swiss"]
[EventRounds "5"]
[EventCountry "GER"]
[SourceTitle "EXT 2023"]
[Source "ChessBase"]
[SourceDate "2022.10.05"]
[SourceVersion "1"]
[SourceVersionDate "2022.10.05"]
[SourceQuality "1"]

1. d4 Nf6 2. c4 g6 3. Nc3 Bg7 4. e4 d6 5. h3 0-0 6. Be3 e5 7. d5 a5 8. g4 Na6 9. Qd2 Nc5 10. f3 Ne8 11. h4 f5 12. gxf5 gxf5 13. 0-0-0 f4 14. Bf2 Nf6 15. Bh3 Nh5 16. Bxc8 Rxc8 17. Nh3 h6 18. Rdg1 Kh7 19. Bxc5 dxc5 20. Ng5+ hxg5 21. hxg5 Kg6 22. Rxh5 Kxh5 23. g6 Bf6 24. g7 Rg8 25. Qh2+ Bh4 26. Qh3 Kh6 27. Rg4 Qf6 28. Rxh4+ Qxh4 29. Qxh4+ Kxg7 30. Qe7+ Kh6 1-0

[Event "BL2 Sued 2122 (Women)"]
[Site "Germany"]
[Date "2022.02.20"]
[Round "3.2"]
[White "Timofeeva, Galina"]
[Black "Braun, Kristin"]
[Result "0-1"]
[WhiteElo "1993"]
[BlackElo "1915"]
[PlyCount "76"]
[EventDate "2021.11.27"]
[EventType "team-tourn"]
[EventRounds "7"]
[EventCountry "GER"]
[SourceTitle "EXT 2023"]
[Source "ChessBase"]
[SourceDate "2022.10.05"]
[SourceVersion "1"]
[SourceVersionDate "2022.10.05"]
[SourceQuality "1"]
[WhiteTeam "Stuttgart Wolfbusch (W)"]
[BlackTeam "Augsburg (W)"]
[WhiteTeamCountry "GER"]
[BlackTeamCountry "GER"]

1. e4 c5 2. Nf3 d6 3. d3 Nc6 4. g3 g6 5. Bg2 Bg7 6. 0-0 e6 7. a4 Nge7 8. Re1 0-0 9. c3 Rb8 10. Na3 a6 11. Nc2 b5 12. d4 b4 13. Be3 c4 14. Nxb4 Nxb4 15. cxb4 Rxb4 16. Qc2 d5 17. Bd2 Rb3 18. e5 f6 19. exf6 Bxf6 20. Bc3 Nc6 21. Qd2 Qb6 22. Bh3 Bg7 23. Kg2 Rxf3 24. Kxf3 Qxd4 25. Qe2 Qxc3+ 26. bxc3 Nd4+ 27. Kg2 Nxe2 28. Rxe2 Bxc3 29. Rc1 Kf7 30. Rec2 d4 31. Bg4 Bb7+ 32. Kf1 Be4 33. Ra2 Bb1 34. Re2 Bd3 35. Bxe6+ Kf6 36. Bd5 Rb2 37. Bf3 Bd2 38. Rd1 c3 0-1

[Event "GER-ch Blitz (Women)"]
[Site "Magdeburg"]
[Date "2021.08.01"]
[Round "20"]
[White "Braun, Kristin"]
[Black "Michna, Marta"]
[Result "0-1"]
[WhiteElo "1925"]
[BlackElo "2341"]
[PlyCount "82"]
[EventDate "2021.08.01"]
[EventType "tourn (blitz)"]
[EventRounds "21"]
[EventCountry "GER"]
[SourceTitle "CBM 203 Extra"]
[Source "ChessBase"]
[SourceDate "2021.09.30"]
[SourceVersion "1"]
[SourceVersionDate "2021.09.30"]
[SourceQuality "1"]

1. e4 e6 2. d4 d6 3. c4 g6 4. Nc3 Bg7 5. Nf3 Nd7 6. Be2 e5 7. d5 Ne7 8. 0-0 0-0 9. Bg5 h6 10. Bh4 g5 11. Bg3 Ng6 12. Nd2 a5 13. b3 Nc5 14. f3 Nf4 15. Bf2 b6 16. a3 f5 17. b4 axb4 18. axb4 Rxa1 19. Qxa1 Nxe2+ 20. Nxe2 Nd3 21. Be3 Nxb4 22. Qc3 Na6 23. Rb1 f4 24. Bf2 g4 25. Nc1 Bf6 26. Nd3 Rf7 27. Nb4 Nxb4 28. Rxb4 Rg7 29. Kh1 Qe8 30. Bg1 Qh5 31. Ra4 Kh7 32. Ra8 gxf3 33. Nxf3 Bg4 34. Rf8 Be7 35. Ra8 Qg6 36. Ra7 Bf6 37. Rb7 h5 38. Ra7 h4 39. Ra3 Qxe4 40. Qd3 Qxd3 41. Rxd3 e4 0-1

[Event "GER-ch Blitz (Women)"]
[Site "Magdeburg"]
[Date "2021.08.01"]
[Round "10"]
[White "Braun, Kristin"]
[Black "Stangl, Anita"]
[Result "0-1"]
[WhiteElo "1925"]
[BlackElo "2005"]
[PlyCount "120"]
[EventDate "2021.08.01"]
[EventType "tourn (blitz)"]
[EventRounds "21"]
[EventCountry "GER"]
[SourceTitle "CBM 203 Extra"]
[Source "ChessBase"]
[SourceDate "2021.09.30"]
[SourceVersion "1"]
[SourceVersionDate "2021.09.30"]
[SourceQuality "1"]

1. e4 e6 2. d4 d5 3. exd5 exd5 4. Nf3 Nc6 5. c4 Bg4 6. Be2 dxc4 7. Bxc4 Qe7+ 8. Be2 0-0-0 9. Be3 Qb4+ 10. Qd2 Bxf3 11. Bxf3 Nxd4 12. Bg4+ Kb8 13. Bxd4 Qxd2+ 14. Nxd2 Rxd4 15. Bh3 Bb4 16. 0-0-0 Bxd2+ 17. Rxd2 Rxd2 18. Kxd2 Nf6 19. Re1 Re8 20. Rf1 Ne4+ 21. Kc2 Ng5 22. Bf5 g6 23. Bd3 a6 24. f3 c5 25. Bc4 b5 26. f4 bxc4 27. fxg5 Re2+ 28. Kc3 Rxg2 29. Rxf7 Rxh2 30. Kxc4 Rc2+ 31. Kb3 Rh2 32. Rf6 Kb7 33. Rf7+ Kb6 34. Rf6+ Kb5 35. Rf8 Rh3+ 36. Kc2 Rg3 37. Rh8 Rxg5 38. Rxh7 Rg3 39. Rb7+ Kc6 40. Ra7 Kb6 41. Rf7 g5 42. Rf6+ Kb5 43. b3 g4 44. Rf8 Rg2+ 45. Kc3 Rxa2 46. Rb8+ Kc6 47. Rg8 Rg2 48. Rg6+ Kb5 49. Rg5 g3 50. Rg8 Rg1 51. Rb8+ Ka5 52. Rc8 Rc1+ 53. Kd2 g2 54. Kxc1 g1Q+ 55. Kb2 Qd4+ 56. Kc2 Qe4+ 57. Kb2 Qe5+ 58. Ka2 Kb4 59. Rb8+ Qxb8 60. Kb2 Qh2+ 0-1

[Event "GER-ch Blitz (Women)"]
[Site "Magdeburg"]
[Date "2021.08.01"]
[Round "13"]
[White "Skogvall, Martina"]
[Black "Braun, Kristin"]
[Result "1/2-1/2"]
[WhiteElo "1992"]
[BlackElo "1925"]
[PlyCount "63"]
[EventDate "2021.08.01"]
[EventType "tourn (blitz)"]
[EventRounds "21"]
[EventCountry "GER"]
[SourceTitle "CBM 203 Extra"]
[Source "ChessBase"]
[SourceDate "2021.09.30"]
[SourceVersion "1"]
[SourceVersionDate "2021.09.30"]
[SourceQuality "1"]

1. e4 c5 2. Nc3 g6 3. f4 Bg7 4. Nf3 Nc6 5. Bc4 e6 6. d3 Nge7 7. 0-0 0-0 8. a3 d5 9. Bb3 Rb8 10. Qe1 Nd4 11. Nxd4 cxd4 12. Ne2 dxe4 13. dxe4 b5 14. Qg3 Qb6 15. Kh1 a5 16. Bd2 Bb7 17. Qd3 Rfd8 18. Rf3 f5 19. Rh3 Bxe4 20. Qg3 d3 21. Nc3 dxc2 22. Nxe4 fxe4 23. Qh4 Rxd2 24. Qxe7 Rbd8 25. Bxe6+ Kh8 26. Rxh7+ Kxh7 27. Qh4+ Bh6 28. Qe7+ Kh8 29. Qf6+ Kh7 30. Qf7+ Kh8 31. Qf6+ Kh7 32. Qf7+ 1/2-1/2

[Event "GER-ch Blitz (Women)"]
[Site "Magdeburg"]
[Date "2021.08.01"]
[Round "19"]
[White "Zimmer, Elke"]
[Black "Braun, Kristin"]
[Result "1-0"]
[WhiteElo "1910"]
[BlackElo "1925"]
[PlyCount "155"]
[EventDate "2021.08.01"]
[EventType "tourn (blitz)"]
[EventRounds "21"]
[EventCountry "GER"]
[SourceTitle "CBM 203 Extra"]
[Source "ChessBase"]
[SourceDate "2021.09.30"]
[SourceVersion "1"]
[SourceVersionDate "2021.09.30"]
[SourceQuality "1"]

1. e4 c5 2. Nc3 g6 3. g3 Bg7 4. Bg2 Nc6 5. d3 d6 6. Be3 e6 7. f4 Nge7 8. Nf3 0-0 9. 0-0 Rb8 10. Qd2 Nd4 11. Rae1 b5 12. Bxd4 cxd4 13. Ne2 e5 14. fxe5 dxe5 15. h3 Nc6 16. Kh2 Be6 17. b3 Qa5 18. Qxa5 Nxa5 19. g4 Nc6 20. a3 Rfc8 21. Ng3 Ne7 22. Re2 Rc7 23. Ng5 Rc6 24. Nxe6 Rxe6 25. h4 Rc8 26. g5 f6 27. gxf6 Bxf6 28. Bh3 Rec6 29. Bxc8 Nxc8 30. h5 g5 31. Nf5 a5 32. Kh3 Nb6 33. Kg4 Nd7 34. h6 Bd8 35. Rh2 Nf6+ 36. Kg3 Nd7 37. Rff2 Nf6 38. Ng7 Rc3 39. Ne6 Nxe4+ 40. Kf3 Nxf2 41. Rxf2 Be7 42. Ke4 Rc8 43. Kxe5 Re8 44. Kd5 Bxa3 45. Nxd4 Rd8+ 46. Ke4 Bb2 47. c4 Rxd4+ 48. Ke3 Rd8 49. Rf5 Re8+ 50. Kd2 bxc4 51. bxc4 a4 52. Ra5 a3 53. c5 Rb8 54. Ke3 Bc1+ 55. Ke4 Re8+ 56. Kd5 Re2 57. c6 Rc2 58. d4 a2 59. c7 Rxc7 60. Rxa2 Rd7+ 61. Ke6 Rd8 62. d5 Bf4 63. Ra7 Re8+ 64. Kf6 Rf8+ 65. Ke6 g4 66. Rg7+ Kh8 67. Rxg4 Bxh6 68. d6 Bd2 69. d7 Ba5 70. Ra4 Bb6 71. Ke7 Rg8 72. Ra6 Bc7 73. Rc6 Ba5 74. Rc8 Bb4+ 75. Kf7 Rf8+ 76. Rxf8+ Bxf8 77. d8Q h5 78. Qxf8+ 1-0